Kadra Iranu na mundial 2022 - Statystyki

Ogólne statystyki
  • Ten quiz został rozwiązany 17 razy
  • Średni wynik to 4 z 25
Statystyki odpowiedzi
Pozycja Zawodnik % Poprawnych
Napastnik Mahdi Taremi
91%
Pomocnik Ali Gholizadeh
55%
Napastnik Sardar Azmoun
55%
Obrońca Ehsan Hajsafi
27%
Bramkarz Alireza Beiranvand
18%
Obrońca Majid Hosseini
18%
Pomocnik Saman Ghoddus
18%
Bramkarz Seyed Hossein Hosseini
18%
Pomocnik Ali Karimi
9%
Pomocnik Alireza Jahanbakhsh
9%
Napastnik Karim Ansarifard
9%
Pomocnik Mahdi Torabi
9%
Obrońca Rouzbeh Cheshmi
9%
Pomocnik Sa'id Ezatolahi
9%
Pomocnik Wahid Amiri
9%
Obrońca Abolfazi Jalali
0%
Pomocnik Ahmad Noorollahi
0%
Bramkarz Amir Abedzadeh
0%
Obrońca Hossein Kanaanizadegan
0%
Obrońca Milad Mohammadi
0%
Obrońca Morteza Pouraliganji
0%
Bramkarz Payam Niazmand
0%
Obrońca Ramin Rezaeian
0%
Obrońca Sadegh Moharrami
0%
Obrońca Shojae Khalilzadeh
0%
Nie znaleziono quizów pasujących do podanych kryteriów
Rozkład punktacji
Procent ludzi z każdym wynikiem
Percentyl według liczby udzielonych odpowiedzi
Twoja historia wyników
Nie rozwiązałeś tego quizu